000 00502nam a2200169Ia 4500
008 090123s9999 xx 000 0 und d
082 _b7049
100 _aजोशी मोरेश्वर
245 _aनामदार गोखले
250 _a1
300 _a56
600 _aजोशी मोरेश्वर
630 _aनामदार गोखले
700 _aजोशी मोरेश्वर
730 _aनामदार गोखले
942 _cBOOK
999 _c45114
_d45114